000 00294nam a22001337a 4500
008 170505b xxu||||| |||| 00| 0 eng d
020 _a42260
041 _aeng
080 _a35
100 _a15
101 _aSHJ
245 _aGOVERNMENT AND PUBLIC ADMINISTRATION
_cMILLETT
942 _2udc
_cBK
999 _c12809
_d12809